Statistics for Ariana Grande - 7 rings (lyrics)

Click here to take the quiz!

General Stats

  • This quiz has been taken 2,888 times
  • The average score is 318 of 440

Answer Stats

7 Rings% Correct
a
99%
I
98%
like
96%
Pre-ChorusMy
96%
my
96%
then
95%
it
94%
of
94%
and
93%
at
92%
go
91%
in
91%
when
91%
When
91%
who
90%
Who
90%
get
89%
with
88%
breakfast
87%
diamonds
87%
got
87%
want
87%
You
87%
you
87%
bottles
86%
favourite
86%
see
86%
trouble
86%
all
85%
getting
85%
Girls
85%
hair?
85%
just
85%
be
84%
bought
84%
Bought
84%
bubbles
84%
thanks
84%
things
84%
Tiffany's
84%
bitch
83%
tattoos
83%
Gee
82%
to
81%
ATM
80%
the
80%
The
80%
Buy
79%
is
79%
machines
79%
me
79%
Lashes
76%
myself
76%
no
75%
yeah
75%
Verse 1 | Verse 3Yeah
75%
savage?
72%
some
71%
bad
70%
sad
69%
should
69%
turn
68%
what
68%
shit
67%
Been
66%
for
66%
neck
66%
through
66%
thought
64%
not
63%
ring
63%
up
62%
money
61%
Rather
61%
rather
61%
bitches
60%
but
60%
six
60%
we
57%
have
56%
Ain't
55%
ain't
55%
poppin'
55%
strings
55%
tied
54%
Write
54%
write
54%
gloss
53%
own
53%
sing
53%
as
51%
checks
50%
matching
50%
on
50%
wrist
50%
Make
48%
big
47%
stop
47%
They
47%
they
47%
watchin'
47%
enough
45%
problems
45%
solve
45%
your
45%
deposits
44%
Verse 2Wearing
44%
can't
43%
friends
43%
i'd
43%
said
43%
way
43%
it'd
42%
Look
42%
look
42%
Must
42%
riches
42%
addiction
40%
Black
40%
card
40%
Mrs
40%
new
40%
number
40%
one
40%
one?
40%
spoil
40%
had
39%
them
39%
therapy
39%
em'
38%
gon'
37%
if
37%
phone
37%
say
37%
shine
37%
Think
37%
don't
36%
red
36%
know
35%
retail
35%
Whoever
35%
Happiness
34%
which
34%
woulda
34%
bottoms
33%
calls
32%
closet
32%
his
32%
price
32%
same
32%
bag
31%
hers
31%
lookin'
31%
wrong
31%
business
30%
crib
30%
Nah
30%
Put
30%
ass
29%
receipts
29%
skin
29%
mean
28%
numbers
28%
seen
28%
smile
28%
brag
27%
flossy
27%
gleamin'
27%
Both
26%
set
26%
you've
24%
tone
23%
beamin'
22%
shoot
22%
Shoot
22%
settin'
21%
respect
20%
i'm
19%
loop
18%
from
17%
loot
17%
pay
17%
racks
17%
back
16%
juice
16%
that's
16%
booth
15%
Never
14%
stacked
14%
store
14%
budget
13%
jet
13%
mind
12%
gimme
10%
Nothing
9%
net
8%

Score Distribution

Percentile by Number Answered

Percent of People with Each Score

Your Score History

You have not taken this quiz